Reflexiones para una historia comparada de las democracias en Iberoamérica /
En este artículo se propone una caracterización amplia de democracia, la cual pretende incluir los aspectos comunes de las experiencias democráticas que se han producido a lo largo y ancho de la historia de la humanidad. Antes de hacerlo, se enmarca dicho esfuerzo en una línea de investigación de la...
Saved in:
| Main Author: | |
|---|---|
| Format: | Text |
| Subjects: | |
| Tags: |
Add Tag
No Tags, Be the first to tag this record!
|
MARC
| LEADER | 00000 a a2200000 04500 | ||
|---|---|---|---|
| 001 | 9314 | ||
| 003 | |||
| 040 | |||
| 100 | |a Lizcano Fernández, Francisco | ||
| 245 | |a Reflexiones para una historia comparada de las democracias en Iberoamérica / |c Francisco Lizcano Fernández | ||
| 520 | |a En este artículo se propone una caracterización amplia de democracia, la cual pretende incluir los aspectos comunes de las experiencias democráticas que se han producido a lo largo y ancho de la historia de la humanidad. Antes de hacerlo, se enmarca dicho esfuerzo en una línea de investigación de largo aliento (la historia comparada de las democracias en Iberoamérica) y se definen algunos conceptos involucrados en la mencionada categorización | ||
| 650 | |a POLITICA | ||
| 650 | |a DEMOCRACIA | ||
| 650 | |a AMERICA LATINA | ||
| 773 | |g número 45; páginas 131-156 | ||
| 999 | |c 38492 |d 38492 | ||
